| 000 | 00595nam a2200217 i 4500 | ||
|---|---|---|---|
| 001 | 146280 | ||
| 003 | ES-MaACL | ||
| 005 | 20250804062748.0 | ||
| 007 | t| | ||
| 008 | 070906s1970 sp ||||1| spa d | ||
| 080 | _a1(04) | ||
| 100 | 1 |
_aTrías, Eugenio. _9111368 |
|
| 245 | 1 | 0 |
_aFilosofía y carnaval / _cEugenio Trías. |
| 260 |
_a[Barcelona] : _bAnagrama, _c[1970] |
||
| 300 |
_a81 p. ; _c18 cm. |
||
| 490 | 1 |
_aCuadernos Anagrama ; _v4 |
|
| 650 | 7 |
_aFilosofía _2embne _912802 |
|
| 830 | 1 |
_aCuadernos Anagrama ; _v4 _9181159 |
|
| 852 | 4 |
_aES-MaACL _jC-40452 |
|
| 999 |
_c146280 _d146280 |
||